000
00211 a2200097 4500
001
30212
100
_a
Wheatley, D
245
_a
The scarlet impostor
260
_a
London
_b
Arrow Books
_c
090
_c
20155
_d
20155
942
_a
NUST-CAE
_c
M
_c
11287
999
_c
265285
_d
265285